| 000 | 00745nam a2200217Ia 4500 | ||
|---|---|---|---|
| 003 | GCL | ||
| 008 | 140319s9999 xx 000 0 ara d | ||
| 040 |
_aGCL / _cGCL |
||
| 082 | 0 | 4 |
_a616.849 _bا ن |
| 100 | 1 | _aاحمد فتحى الزيات | |
| 245 | 1 | 0 |
_aالنوم والرؤيا والارق بين الدين والعلم (هدية من الاديب عبدالفتاح الجمل) / _cاحمد فتحى الزيات |
| 700 | 1 | _aممدوح الوكيل | |
| 300 | _a70 ص | ||
| 490 |
_aالمكتبة الثقافية _v0 |
||
| 650 | 0 | 4 | _aالاحلام |
| 650 | 0 | 4 | _aالنوم |
| 650 | 0 | 4 | _aالارق |
| 650 | 0 | 4 | _aالنوم - الجوانب الفسيولوجية |
| 650 | 0 | 4 | _aالنوم - اضطرابات |
| 942 |
_2ddc _cBK |
||
| 999 |
_c47456 _d47456 |
||